[Event "Maribor"]
[Site "Maribor"]
[Date "1990.??.??"]
[Round "3"]
[White "Grosar, Aljosa"]
[Black "Gostisa, Leon"]
[Result "1-0"]
[WhiteElo "2330"]
[BlackElo "2420"]

1.e4 c5 2.Nf3 Nc6 3.d4 cxd4 4.Nxd4 Qb6 5.Nb3 Nf6 6.Nc3 e6 7.Be3 Qc7 8.Bd3 a6
9.f4 d6 10.Qf3 Be7 11.g4 b5 12.g5 Nd7 13.O-O-O Bb7 14.Qh3 Nb4 15.Kb1 g6 16.Rhf1 O-O-O
17.f5 gxf5 18.exf5 e5 19.f6 Bf8 20.Bf5 d5 21.a3 d4 22.Nxd4 exd4 23.Rxd4 Nxc2
24.Kxc2  1-0

[Event "Miskolc"]
[Site "Miskolc"]
[Date "1990.??.??"]
[Round "3"]
[White "Zakic, Srdjan"]
[Black "Luecke, Norbert"]
[Result "0-1"]
[WhiteElo "2425"]
[BlackElo "2360"]

1.e4 c5 2.Nf3 Nc6 3.d4 cxd4 4.Nxd4 Qb6 5.Nb3 Nf6 6.Nc3 e6 7.Be3 Qc7 8.Bd3 a6
9.O-O Be7 10.f4 d6 11.Qf3 O-O 12.Rae1 b5 13.e5 dxe5 14.fxe5 Nd7 15.Qh3 g6
16.Bh6 Rd8 17.Rxf7 Kxf7 18.Rf1+ Ke8 19.Qxe6 Nf6 20.Qxf6 Bxf6 21.exf6 Kf7
22.Ne4 Rd5 23.c4 Rf5 24.Re1 Ne5 25.c5 Nxd3 26.Nd6+ Qxd6  0-1

[Event "FRG-chJ"]
[Site "Muenster"]
[Date "1990.??.??"]
[Round "3"]
[White "Wagner, Anselm"]
[Black "Luecke, Norbert"]
[Result "1/2-1/2"]
[WhiteElo "2320"]
[BlackElo "2350"]

1.e4 c5 2.Nf3 Nc6 3.d4 cxd4 4.Nxd4 Qb6 5.Nb3 Nf6 6.Nc3 e6 7.a3 Be7 8.Be2 a6
9.O-O d6 10.Be3 Qc7 11.f4 O-O 12.Qe1 b5 13.Qg3 Bb7 14.f5 Kh8 15.fxe6 fxe6
16.Nc5 Bc8 17.Nd3 e5 18.Nb4 Nxb4 19.axb4 Be6 20.Bg5 Qb6+ 21.Qe3 Qc6 22.Bxf6 Bxf6
23.Bd3 Rae8 24.Kh1 Qb7 25.Nd5 Bxd5 26.exd5 Qxd5 27.Qe4 Qxe4 28.Bxe4 d5 29.Bxd5 Rd8
30.Bb7 Rd2  1/2-1/2

[Event "Munich"]
[Site "Munich"]
[Date "1990.??.??"]
[Round "?"]
[White "Kindermann, Stefan"]
[Black "Boensch, Uwe"]
[Result "0-1"]
[WhiteElo "2560"]
[BlackElo "2530"]

1.e4 c5 2.Nf3 Nc6 3.d4 cxd4 4.Nxd4 Qb6 5.Nb3 Nf6 6.Nc3 e6 7.Bd3 Bb4 8.O-O O-O
9.Bg5 Bxc3 10.bxc3 Ne8 11.Qh5 f6 12.Be3 Qc7 13.f4 Ne7 14.f5 e5 15.c4 b6 16.Rf3 Rf7
17.c5 Bb7 18.Rh3 h6 19.Qg4 Kf8 20.c4 d6 21.cxd6 Qxd6 22.Rd1 Qb4 23.Bf1 Nd6
24.Nc5 bxc5 25.Rxd6 Ng8 26.Bf2 Qa5 27.Rb3 Qc7 28.Rd1 Ne7 29.Rb5 Bc6 30.Rb2 Kg8
31.Qe2 Nc8 32.Rbd2 Nb6 33.Qe3 Ba4 34.Rb1 Rc8 35.Be2 Rd7 36.Rbb2 Rd4 37.Qa3 Nxc4
38.Qxa4 Nxb2 39.Qb3+ c4 40.Qxb2 Rxd2 41.Qxd2 c3 42.Qc2 Rb8 43.Bd3 Rb2 44.Qa4 Kh7
45.Qe8 Rb8 46.Qa4 Qd6 47.Bc2 Rb4  0-1

[Event "New York op"]
[Site "New York"]
[Date "1990.??.??"]
[Round "7"]
[White "Edelman, Daniel"]
[Black "Cabrilo, Goran"]
[Result "1-0"]
[WhiteElo "2360"]
[BlackElo "2480"]

1.e4 c5 2.Nf3 Nc6 3.d4 cxd4 4.Nxd4 Qb6 5.Nb3 Nf6 6.Nc3 e6 7.Bd3 d6 8.O-O Be7
9.Kh1 O-O 10.f4 a6 11.Qe2 Qc7 12.a4 b6 13.Bd2 Bb7 14.Rae1 Nb4 15.Nd4 Nxd3
16.cxd3 Qd7 17.b4 Rfc8 18.Rb1 Rc7 19.b5 a5 20.Qf2 Rac8 21.Nde2 d5 22.e5 Ng4
23.Qg3 Nh6 24.d4 Rc4 25.Qd3 f6 26.h3 Qe8 27.g4 Nf7 28.Kh2 fxe5 29.fxe5 Ng5
30.Bxg5 Bxg5 31.Rf3 Qe7 32.Rbf1 R4c7 33.Kg2 Qb4 34.Kg3 Qe7 35.Kg2 Qe8 36.Kg3 Be7
37.h4 Qd8 38.g5 Qe8 39.Kg4 g6 40.Rf7 Bb4 41.Rxc7 Rxc7 42.Nd1 Bf8 43.Ne3 Rf7
44.Nf4 Bc8 45.Kg3 Bg7 46.Rc1 Qf8 47.Neg2 Bd7 48.Rc7 Qb4 49.Qc3 Bf8 50.Qxb4 axb4
51.Ne3 b3 52.Rc3 Bb4 53.Rxb3 Be1+ 54.Kg4 Bc8 55.Rb2 Ra7 56.Rc2 Bd7 57.Nd3 Ba5
58.Kf3  1-0

[Event "Novi Sad ol (Men)"]
[Site "Novi Sad"]
[Date "1990.??.??"]
[Round "2"]
[White "Teo Kok Siong"]
[Black "Damljanovic, Branko"]
[Result "1/2-1/2"]
[WhiteElo "2355"]
[BlackElo "2515"]

1.e4 c5 2.Nf3 Nc6 3.d4 cxd4 4.Nxd4 Qc7 5.Nc3 e6 6.Nxc6 dxc6 7.Bd3 Nf6 8.f4 e5
9.f5 b5 10.Qf3 Bb7 11.a4 a6 12.Bd2 Bc5 13.Nd1 h5 14.Be3 Bxe3 15.Nxe3 Qa5+
16.Ke2 Qb4 17.Rhb1 Qe7 18.b4 Rd8 19.Nf1 Rd4 20.c3 Rd7 21.Nd2 g6 22.Rf1 Rg8
23.g3 Bc8 24.h3 gxf5 25.exf5 h4 26.g4 Nd5 27.Be4 Bb7 28.Nb3 Nf4+ 29.Kf2 bxa4
30.Rxa4 Kf8 31.Ra2 Qd8 32.Qe3 Qg5 33.Nc5 Re7 34.Rd1 Kg7 35.Rad2 Bc8 36.Rd6 f6
37.Rxc6 Ree8 38.Rc7+ Kh8 39.Rc6 Re7 40.Rcd6 Rc7 41.Rd8 a5 42.Kg1 axb4 43.cxb4 Kh7
44.Ne6 Bxe6 45.fxe6+ Kh6 46.Kh2 Rxd8 47.Rxd8 f5 48.Rd7 Rxd7 49.exd7 fxe4
50.Qb6+ Ne6 51.Qxe6+ Kg7 52.d8=Q Qxd8 53.Qxe5+ Kg8 54.Qe6+ Kg7 55.Qxe4 Qd6+
56.Kh1 Qg3 57.Qe7+ Kg6 58.Qe6+ Kg7 59.Qd7+ Kg8 60.Qd5+ Kg7 61.Qb7+ Kf8 62.Qc8+ Ke7
63.Qc5+ Ke8 64.Qb5+ Ke7 65.Qf1 Qe3 66.b5 Qe4+ 67.Kg1 Qe3+ 68.Qf2 Qxh3 69.Qc5+ Kd8
70.Qf8+ Kd7 71.Qf4 Qb3 72.Qf5+ Kd6 73.Qf6+ Kd7 74.Qc6+ Ke7 75.Qc7+ Kf6 76.Qf4+ Ke6
77.Kh2 Qxb5 78.Kh3 Qd3+ 79.Kxh4 Qh7+ 80.Kg3 Qd3+ 81.Kh4 Qh7+ 82.Kg5 Qg8+
83.Kh5 Qe8+ 84.Kh4 Qh8+  1/2-1/2

[Event "Novi Sad ol (Men)"]
[Site "Novi Sad"]
[Date "1990.??.??"]
[Round "4"]
[White "Lewis, James E"]
[Black "Djuric, Stefan"]
[Result "1/2-1/2"]
[WhiteElo "2250"]
[BlackElo "2515"]

1.e4 c5 2.Nf3 Nc6 3.d4 cxd4 4.Nxd4 Qc7 5.Nc3 e6 6.Be2 a6 7.Be3 Nf6 8.O-O Be7
9.f4 d6 10.a4 O-O 11.Qe1 Nxd4 12.Bxd4 e5 13.Be3 exf4 14.Rxf4 Be6 15.Rd1 Nd7
16.Qg3 Ne5 17.Kh1 Rac8 18.Rf2 Qd8 19.Rff1 Bh4 20.Qf4 Bf6 21.Bd4 Re8 22.Qf2 Rc6
23.b4 Qc8 24.Qg3 Kh8 25.b5 Rc7 26.bxa6 bxa6 27.a5 Bd8 28.Nd5 Rxc2 29.Bd3 Ra2
30.Rc1 Qd7 31.Bxa6 Bxa5 32.Qb3 Bxd5 33.exd5 Rd2 34.Be3 Rxg2 35.Kxg2 Qg4+
36.Kh1 Qe4+ 37.Kg1 Qg4+ 38.Kh1 Qe4+ 39.Kg1 Qg4+ 40.Kh1  1/2-1/2

[Event "Novi Sad ol (Men)"]
[Site "Novi Sad"]
[Date "1990.??.??"]
[Round "4"]
[White "Houna, M."]
[Black "Charpentier, William"]
[Result "1/2-1/2"]
[WhiteElo "2205"]
[BlackElo "2300"]

1.e4 c5 2.Nf3 Nc6 3.d4 cxd4 4.Nxd4 Qc7 5.Nc3 Nf6 6.g3 Nxe4 7.Ndb5 Qe5 8.f4 Nxc3+
9.fxe5 Nxd1 10.Nc7+ Kd8 11.Nxa8 b6 12.Nxb6 axb6 13.Kxd1 Nxe5 14.Be3 Kc7 15.Be2 d6
16.a4 Ng4 17.Bxg4 Bxg4+ 18.Kd2 g6 19.Ra3 Bg7 20.c3 Rb8 21.Rf1 Be6 22.Bd4 Bh6+
23.Be3 Bg7 24.Rf4 Ra8 25.Rb4 Rb8 26.a5 b5 27.b3 Bd5 28.a6 Bc6 29.c4 bxc4
30.Rxc4 d5 31.Rc2 Kd7 32.a7 Ra8 33.Ra6 Bb7 34.Rb6 Rxa7 35.Rb4 d4 36.Bxd4 Bxd4
37.Rxd4+ Ke6 38.Ra4 Rxa4 39.bxa4 Kd5 40.Kc3 e5 41.Kb4 f5 42.Rd2+ Ke4 43.Kc5 g5  1/2-1/2

[Event "Novi Sad ol (Men)"]
[Site "Novi Sad"]
[Date "1990.??.??"]
[Round "13"]
[White "Gruenfeld, Yehuda"]
[Black "Grivas, Efstratios"]
[Result "1/2-1/2"]
[WhiteElo "2530"]
[BlackElo "2435"]

1.e4 c5 2.Nf3 Nc6 3.d4 cxd4 4.Nxd4 Qb6 5.Nb3 Nf6 6.Nc3 e6 7.Bd3 Be7 8.Be3 Qc7
9.f4 d6 10.Qf3 a6 11.O-O O-O 12.Rae1 b5 13.Qg3 b4 14.Nd1 a5 15.Nf2 a4 16.Nd4 Nxd4
17.Bxd4 e5 18.fxe5 Nh5 19.Qf3 dxe5 20.Qxh5 exd4 21.e5 g6 22.Qe2  1/2-1/2

[Event "World op"]
[Site "Philadelphia"]
[Date "1990.??.??"]
[Round "9"]
[White "Pohl Kuemmel, Jens Uwe"]
[Black "Efimov, Igor"]
[Result "0-1"]
[WhiteElo "2245"]
[BlackElo "2400"]

1.e4 c5 2.Nf3 Nc6 3.d4 cxd4 4.Nxd4 Qb6 5.Nb3 Nf6 6.Nc3 e6 7.g3 d6 8.Bg2 Be7
9.O-O O-O 10.Qe2 a6 11.Be3 Qc7 12.f4 b5 13.e5 dxe5 14.fxe5 Nd7 15.Bf4 Bb7
16.Rae1 b4 17.Ne4 Ncxe5 18.Kh1 Bd5 19.Rf2 Qc4 20.Qh5 Ng6 21.Bg5 Bxg5 22.Qxg5 a5
23.h4 a4 24.Nbd2 Qxc2 25.h5 h6 26.Qe3 Nge5 27.Rfe2 Qxb2 28.Nb1 Qa1 29.Nbc3 Qxe1+
30.Rxe1 bxc3 31.Nxc3 Bxg2+ 32.Kxg2 Rfc8 33.Qe4 Ra5 34.Re3 Rc4 35.Qb7 Rac5
36.Ne4 Rc7 37.Qa6 Ng4 38.Rd3 Rc2+ 39.Nd2 Nge5 40.Rd4 Rxa2 41.Kf1 a3 42.Ke2 Kh7
43.Qa8 Rcc2 44.Qe4+ f5 45.Qa8 Rab2 46.Qe8 a2 47.Rxd7 a1=Q  0-1

[Event "URS-ch (Women)"]
[Site "Podolsk"]
[Date "1990.??.??"]
[Round "13"]
[White "Semenova, Lidia K"]
[Black "Umanskaya, Irina"]
[Result "1-0"]
[WhiteElo "2350"]
[BlackElo "2190"]

1.e4 c5 2.Nf3 Nc6 3.d4 cxd4 4.Nxd4 Qc7 5.Be2 e6 6.O-O Nf6 7.Nc3 a6 8.Be3 Bb4
9.Nxc6 dxc6 10.Na4 b5 11.Nb6 Rb8 12.Nxc8 Rxc8 13.Bd3 O-O 14.a4 Rfd8 15.Qe2 c5
16.axb5 axb5 17.Bxb5 Nxe4 18.c3 Ba5 19.Ra4 f5 20.Bd3 Qd7 21.Bb5 Qc7 22.f3 Nf6
23.Bg5 e5 24.Bc4+ Kh8 25.Be6 Qc6 26.Bxc8 Qxa4 27.Bxf5 Bc7 28.Bc2 Qc6 29.Qc4 Bb6
30.Re1 Qc7 31.Kf1 e4 32.Bxf6 gxf6 33.Rxe4 f5 34.Rh4 Qe7 35.g3 Re8 36.Bxf5 Qe1+
37.Kg2 Re7 38.Be4 Bd8 39.Qd3 Bb6 40.c4 Ba5 41.Rxh7+ Rxh7 42.Bxh7  1-0

[Event "Rome op"]
[Site "Rome"]
[Date "1990.??.??"]
[Round "8"]
[White "Lanka, Zigurds"]
[Black "Barlov, Dragan"]
[Result "1/2-1/2"]
[WhiteElo "2480"]
[BlackElo "2520"]

1.e4 c5 2.Nf3 Nc6 3.d4 cxd4 4.Nxd4 Qc7 5.Nc3 e6 6.Be2 a6 7.Be3 Nf6 8.a3 d6
9.f4 Be7 10.O-O O-O 11.Kh1 Bd7 12.Qe1 Kh8 13.Qg3 Rae8 14.Nb3 b5 15.Bf3 b4
16.axb4 Nxb4 17.Qf2 e5 18.fxe5 dxe5 19.Nc5 Bb5 20.Rfc1 Rc8 21.Nxb5 axb5 22.c3 Bxc5
23.cxb4 Bxe3 24.Qxe3 Qb8 25.h3 h6 26.Rc5 Nd7 27.Rd5 Nb6 28.Rc5 Nd7 29.Rd5 Nf6  1/2-1/2

[Event "ARG-ch"]
[Site "San Luis"]
[Date "1990.??.??"]
[Round "8"]
[White "Bertona, Fernando"]
[Black "Iglesias, Alejandro"]
[Result "1-0"]
[WhiteElo "2265"]
[BlackElo "2280"]

1.e4 c5 2.Nf3 Nc6 3.d4 cxd4 4.Nxd4 Qc7 5.Nc3 e6 6.Be2 a6 7.O-O Nf6 8.Be3 Bb4
9.Na4 Rb8 10.c4 Be7 11.Nc3 O-O 12.f4 d6 13.Rc1 Re8 14.Bf3 Bf8 15.Kh1 Ne7
16.Rf2 Ng6 17.b3 Bd7 18.Rd2 Rbc8 19.a4 Nh4 20.Be2 Bc6 21.Nxc6 Qxc6 22.Qe1 Ng6
23.Bf3 Qc7 24.Rcd1 d5 25.e5 Bb4 26.Rd4 Ne4 27.Nxd5 Bxe1 28.Nxc7 Rxc7 29.Bxe4 Bb4
30.Rd7 Rxd7 31.Rxd7 b6 32.Bxg6 hxg6 33.Bxb6 f6 34.Bd4 f5 35.Bb6 g5 36.fxg5 Bc3
37.Bc7 Rc8 38.c5 a5 39.g3 Kh7 40.Kg2 Kg6 41.h4 Kh5 42.Kf3 Kg6 43.Bd6 Bb4
44.Rc7 Rd8 45.Re7 Rc8 46.Rxe6+ Kh7 47.Re7 Bxc5 48.Rc7  1-0

[Event "GRE-ch"]
[Site "Serres"]
[Date "1990.??.??"]
[Round "12"]
[White "Kanavarakis, D."]
[Black "Skembris, Spyridon"]
[Result "0-1"]
[WhiteElo "2200"]
[BlackElo "2470"]

1.e4 c5 2.Nf3 Nc6 3.d4 cxd4 4.Nxd4 Qb6 5.Nb3 Nf6 6.Nc3 e6 7.Be3 Qc7 8.Be2 Bb4
9.O-O Bxc3 10.bxc3 Nxe4 11.Bd3 Nf6 12.Re1 d6 13.Bg5 Qe7 14.Nd4 Nxd4 15.cxd4 h6
16.Bc1 O-O 17.Rb1 Kh8 18.c4 b6 19.Rb3 Ba6 20.Ba3 Qd7 21.Re3 Rac8 22.Rh3 Bxc4
23.Bxc4 Rxc4 24.Bc1 Ng8 25.Rbg3 Qa4  0-1

[Event "Sevilla op"]
[Site "Sevilla"]
[Date "1990.??.??"]
[Round "?"]
[White "Zapata, Alonso"]
[Black "Kurajica, Bojan"]
[Result "0-1"]
[WhiteElo "2480"]
[BlackElo "2480"]

1.e4 c5 2.Nf3 Nc6 3.d4 cxd4 4.Nxd4 Qc7 5.Nc3 e6 6.Be2 a6 7.O-O Nf6 8.a4 Bb4
9.Bg5 Bxc3 10.Bxf6 gxf6 11.bxc3 Ne7 12.c4 b6 13.Re1 Bb7 14.Bf1 Ng6 15.Rb1 Rg8
16.Qd2 Ne5 17.Rb3 Qd6 18.a5 bxa5 19.Rxb7 Qxd4 20.Qxd4 Nf3+ 21.Kh1 Nxd4 22.Rd1 O-O-O
23.Ra7 Nc6 24.Rxa6 Kc7 25.Rb1 Rb8 26.Rb5 Ra8 27.Rab6 Rgb8 28.c5 a4 29.Rb1 Ra5
30.Bb5 Rxb6 31.cxb6+ Kb7 32.Kg1 a3 33.Bd3 a2 34.Ra1 Nb4 35.g4 Nxd3  0-1

[Event "UKR-ch"]
[Site "Simferopol"]
[Date "1990.??.??"]
[Round "?"]
[White "Shmuter, Leonid"]
[Black "Brodsky, Michail"]
[Result "1-0"]
[WhiteElo "2405"]
[BlackElo "2290"]

1.e4 c5 2.Nf3 Nc6 3.d4 cxd4 4.Nxd4 Qc7 5.Nc3 e6 6.Be3 a6 7.Bd3 Nf6 8.O-O Bd6
9.Kh1 Be5 10.Nb3 Bf4 11.Qd2 Bxe3 12.Qxe3 b5 13.f4 d6 14.a4 b4 15.Ne2 O-O
16.a5 e5 17.fxe5 Ng4 18.Qg3 Ngxe5 19.Nf4 Be6 20.Nxe6 fxe6 21.Rxf8+ Rxf8 22.Bxa6 Ra8
23.Bb5 Nd8 24.Bd3 Nc4 25.Bxc4 Qxc4 26.Qd3 Qc7 27.a6 Nf7 28.h3 Ne5 29.Qe2 Nd7
30.Nd4 e5 31.Nf5 Nf6 32.Qd3 d5 33.exd5 e4 34.Qg3 Qd7 35.Qg5 Ra7 36.Ne3 Qc8
37.Qe5 b3 38.cxb3 Rxa6 39.Rxa6 Qxa6  1-0

[Event "Wch U18"]
[Site "Singapore"]
[Date "1990.??.??"]
[Round "?"]
[White "Kogan, Artur"]
[Black "Payen, Arnaud"]
[Result "1-0"]
[WhiteElo "2335"]
[BlackElo "2270"]

1.e4 c5 2.Nf3 Nc6 3.d4 cxd4 4.Nxd4 Qb6 5.Nb3 Nf6 6.Nc3 e6 7.Be3 Qc7 8.a3 a6
9.f4 d6 10.Qf3 Be7 11.g4 Nd7 12.Bd3 b5 13.g5 Bb7 14.Qh3 Nb6 15.g6 fxg6 16.e5 Kf7
17.exd6 Bxd6 18.Ne4 Be7 19.O-O Nd7 20.Ng5+ Bxg5 21.fxg5+ Ke7 22.Nc5 Nd8 23.Nxb7 Nxb7
24.Bd4 Rag8 25.b4 Qd6 26.Qe3 Nd8 27.a4 e5 28.Bc5 Nxc5 29.bxc5 Qc7 30.axb5 axb5
31.Bxb5 Ne6 32.Ra6 Rf8 33.Rfa1 Rb8 34.Ra7 Rb7 35.c6 Rxb5 36.Rxc7+ Nxc7 37.c4  1-0

[Event "Sumperk op"]
[Site "Sumperk"]
[Date "1990.??.??"]
[Round "4"]
[White "Kuporosov, Viktor"]
[Black "Putjatina, Nadezhda"]
[Result "1-0"]
[WhiteElo "2445"]
[BlackElo "2135"]

1.e4 c5 2.Nf3 Nc6 3.d4 cxd4 4.Nxd4 Qc7 5.Nc3 e6 6.Be2 a6 7.O-O Nf6 8.Kh1 Bb4
9.Bg5 Bxc3 10.Bxf6 gxf6 11.bxc3 Ne7 12.c4 b6 13.f4 Bb7 14.Qd3 Rg8 15.Rab1 f5
16.Bf3 Qxf4 17.exf5 Qc7 18.c5 b5 19.fxe6 dxe6 20.c6 Nxc6 21.Nxe6 Qe7 22.Rbe1 Nb4
23.Ng7+ Kf8 24.Rxe7 Nxd3 25.Rxb7 Ne5 26.Ne6+  1-0

[Event "Sydney"]
[Site "Sydney"]
[Date "1990.??.??"]
[Round "6"]
[White "Solomon, Stephen J"]
[Black "Davidovic, Aleksandar"]
[Result "1-0"]
[WhiteElo "2385"]
[BlackElo "2420"]

1.e4 c5 2.Nf3 Nc6 3.d4 cxd4 4.Nxd4 Qb6 5.Nb3 Nf6 6.Nc3 e6 7.Be3 Qc7 8.f4 d6
9.Bd3 a6 10.O-O Be7 11.Qf3 O-O 12.Rae1 Nd7 13.Qg3 Bf6 14.e5 dxe5 15.f5 exf5
16.Bxf5 Qd8 17.Rd1 Nd4 18.Nxd4 exd4 19.Bxd4 Bxd4+ 20.Rxd4 Qb6 21.Qh4 h6 22.Nd5 Qxb2
23.Ne7+ Kh8 24.Rd6 Nf6 25.Bxc8 Qe5 26.Rdxf6 Qe3+ 27.Kh1 Raxc8 28.Nxc8 gxf6
29.Qxf6+  1-0

[Event "Toulouse op"]
[Site "Toulouse"]
[Date "1990.??.??"]
[Round "6"]
[White "Palac, Mladen"]
[Black "Danailov, Silvio"]
[Result "1-0"]
[WhiteElo "2505"]
[BlackElo "2380"]

1.e4 c5 2.Nf3 Nc6 3.d4 cxd4 4.Nxd4 Qc7 5.Nc3 e6 6.Be2 Nf6 7.O-O a6 8.Be3 Be7
9.f4 d6 10.a4 O-O 11.Qe1 Bd7 12.Qg3 Kh8 13.Kh1 Rae8 14.Nxc6 Bxc6 15.Bd4 Kg8
16.a5 Bd8 17.e5 dxe5 18.Bxe5 Qc8 19.Qg5 h6 20.Qg3 Be7 21.Rae1 Rd8 22.Bd3 Ne8
23.f5 exf5 24.Bxf5 Bd7 25.Nd5 Bc5 26.Nf6+  1-0

[Event "Tuzla"]
[Site "Tuzla"]
[Date "1990.??.??"]
[Round "3"]
[White "Vasiljevic, Bozidar"]
[Black "Savchenko, Stanislav"]
[Result "1/2-1/2"]
[WhiteElo "2260"]
[BlackElo "2400"]

1.e4 c5 2.Nf3 Nc6 3.d4 cxd4 4.Nxd4 Qb6 5.Nb3 Nf6 6.Nc3 e6 7.Be3 Qc7 8.f4 Bb4
9.Bd3 d5 10.e5 Nd7 11.O-O a6 12.Ne2 Be7 13.c3 f5 14.Ned4 Nxd4 15.cxd4 Nb8
16.Rc1 Nc6  1/2-1/2

[Event "Vrnjacka Banja"]
[Site "Vrnjacka Banja"]
[Date "1990.??.??"]
[Round "13"]
[White "Marjanovic, Slavoljub"]
[Black "Matulovic, Milan"]
[Result "1/2-1/2"]
[WhiteElo "2480"]
[BlackElo "2435"]

1.e4 c5 2.Nf3 Nc6 3.d4 cxd4 4.Nxd4 Qc7 5.Nc3 e6 6.Be2 a6 7.O-O Nf6 8.Kh1 Bb4
9.Qd3 O-O 10.f4 Bxc3 11.bxc3  1/2-1/2

[Event "Warsaw Legion op"]
[Site "Warsaw"]
[Date "1990.??.??"]
[Round "?"]
[White "Pyhala, Antti"]
[Black "Perelshteyn, Mikhail"]
[Result "0-1"]
[WhiteElo "2375"]
[BlackElo "2315"]

1.e4 c5 2.Nf3 Nc6 3.d4 cxd4 4.Nxd4 Qb6 5.Nb3 Nf6 6.Nc3 e6 7.Bd3 a6 8.O-O Be7
9.Be3 Qc7 10.f4 d6 11.Qf3 O-O 12.a3 Re8 13.g4 Nd7 14.g5 g6 15.h4 b5 16.h5 Rb8
17.Kg2 b4 18.Rh1 bxc3 19.hxg6 fxg6 20.Rxh7 Nf8 21.Rh6 cxb2 22.Rah1 Rd8 23.f5 Ne5
24.Rh8+ Kf7 25.fxg6+ Ke8 26.g7 Nxf3 27.Kxf3 Rxb3 28.cxb3 Qc3 29.g8=Q Qxd3
30.g6 b1=Q 31.Rxb1 Qxb1 32.Qf7+ Kd7 33.g7 Bb7 34.g8=Q Qxe4+ 35.Ke2 Qc2+ 36.Bd2 Qe4+
37.Be3 Qc2+ 38.Bd2 Qe4+ 39.Kf2 Qd4+ 40.Be3 Qb2+ 41.Kg1 Qb1+ 42.Qf1 Qe4 43.Qg3 Rc8
44.Bb6 Rc2 45.Rh2 Rxh2 46.Kxh2 Ng6 47.Qe3 Qd5 48.Qed3 Qe5+ 49.Qg3 Qe4 50.Qfe1 Bh4  0-1

[Event "Acasusso op"]
[Site "Acasusso"]
[Date "1991.??.??"]
[Round "4"]
[White "Cid, Marino Alejandro"]
[Black "Panno, Oscar"]
[Result "0-1"]
[WhiteElo "2445"]
[BlackElo "2440"]

1.e4 c5 2.Nf3 Nc6 3.d4 cxd4 4.Nxd4 Qb6 5.Nb3 Nf6 6.Nc3 e6 7.a3 Qc7 8.f4 d6
9.Bd3 a6 10.O-O Be7 11.Kh1 b5 12.Bd2 Bb7 13.Qf3 O-O 14.Rae1 g6 15.Qh3 b4
16.Nd1 bxa3 17.bxa3 a5 18.a4 Nb4 19.Nc3 d5 20.exd5 Nxd3 21.Qxd3 Nxd5 22.Nb5 Qb6
23.c4 Nb4 24.Qh3 Rfe8 25.Bc3 Qc6 26.f5 exf5 27.N3d4 Qxc4 28.Nxf5 gxf5 29.Qxf5 Qd5
30.Qh3 Bg5 31.Rf5 Rxe1+ 32.Bxe1 Qd8 33.Qg3 h6 34.h4 Qd3 35.Qe5 Qh3+ 36.Qh2 Qxf5  0-1

[Event "JUG-Cup qual"]
[Site "Arandjelovac"]
[Date "1991.??.??"]
[Round "1"]
[White "Todorovic, Jovan"]
[Black "Peric, S."]
[Result "1-0"]
[WhiteElo "2290"]
[BlackElo "2310"]

1.e4 c5 2.Nf3 Nc6 3.d4 cxd4 4.Nxd4 Qb6 5.Nb3 Nf6 6.Nc3 e6 7.Qe2 d6 8.Be3 Qc7
9.g4 a6 10.g5 Nd7 11.O-O-O b5 12.Bg2 Nb6 13.f4 Nc4 14.Nd4 Nxe3 15.Qxe3 Na5
16.f5 Nc4 17.Qg3 b4 18.fxe6 bxc3 19.exf7+ Qxf7 20.Qxc3 Ne5 21.Kb1 Bg4 22.Rdf1 Qc4
23.Qd2 Rb8 24.b3 Qc5 25.Nf5 Nc4 26.Qd3 g6 27.h3 Bh5 28.Nd4 Na3+ 29.Kc1 Qxg5+
30.Kb2 Bg7 31.e5 Qxg2 32.Kxa3 Bxe5 33.Qc4 Qb7 34.Nc6 Qd7 35.Nxb8 Qb7 36.Qe6+ Kd8
37.Rf7 Re8 38.Rd7+  1-0

[Event "JUG-Cup qual"]
[Site "Arandjelovac"]
[Date "1991.??.??"]
[Round "4"]
[White "Cabrilo, Goran"]
[Black "Peric, S."]
[Result "1-0"]
[WhiteElo "2490"]
[BlackElo "2310"]

1.e4 c5 2.Nf3 Nc6 3.d4 cxd4 4.Nxd4 Qb6 5.Nb3 Nf6 6.Nc3 e6 7.Bd3 a6 8.O-O Qc7
9.f4 d6 10.a4 b6 11.Qf3 Bb7 12.Qg3 Nb4 13.Be3 d5 14.e5 Nd7 15.f5 Nc5 16.Nd4 O-O-O
17.fxe6 fxe6 18.Be2 Kb8 19.Rf2 g6 20.Bg5 Be7 21.Bxe7 Qxe7 22.a5 b5 23.Qe3 Rhf8
24.Raf1 Nc6 25.Nxc6+ Bxc6 26.Qd4 Nd7 27.Na2 Rxf2 28.Rxf2 Rf8 29.Nb4 Bb7 30.Rxf8+ Qxf8
31.Nd3 h5 32.h4 Qh6 33.c3 g5 34.Qe3 Qg6 35.hxg5 Nf8 36.Qb6 Qxg5 37.Nc5 Qe3+
38.Kf1 Qc1+ 39.Kf2 Qf4+ 40.Bf3 Qd2+ 41.Be2 Qf4+ 42.Kg1 Qe3+ 43.Kh1 Qc1+ 44.Kh2 Qf4+
45.g3 Qf2+ 46.Kh3 Qf5+ 47.Kg2 Qf7 48.Nxb7 Qxb7 49.Qd6+  1-0

[Event "Asuncion"]
[Site "Asuncion"]
[Date "1991.??.??"]
[Round "9"]
[White "Vazquez, Renier"]
[Black "Valiente, Cristobal"]
[Result "1/2-1/2"]
[WhiteElo "2460"]
[BlackElo "2370"]

1.e4 c5 2.Nf3 Nc6 3.d4 cxd4 4.Nxd4 Qc7 5.Nc3 e6 6.g3 a6 7.Bg2 Nge7 8.Nde2 Ng6
9.h4 Bc5 10.Nf4 Nge5 11.O-O O-O 12.b3 b5 13.Bb2 d6 14.Kh2 Bb7 15.Nh5 f5 16.exf5 exf5
17.Nd5 Qf7 18.Nhf4 Rae8 19.Qd2 a5 20.f3 Nb4 21.Rad1 Nxd5 22.Nxd5 Bxd5 23.Qxd5 Qxd5
24.Rxd5 Nc6 25.Rfd1 Re2 26.R5d2 Rfe8 27.a3 b4 28.a4 f4 29.Kh3 fxg3 30.f4 Rxd2
31.Rxd2 Ne7 32.Be4 g6 33.Kg4 Nf5 34.Bxf5 gxf5+ 35.Kxg3 Kf7 36.Bd4 Rg8+ 37.Kf3 Bxd4
38.Rxd4 Ke6 39.Rc4 Kd7  1/2-1/2

[Event "JUG-ch"]
[Site "Banja Vrucica"]
[Date "1991.??.??"]
[Round "?"]
[White "Mujagic, Ramo"]
[Black "Matulovic, Milan"]
[Result "1/2-1/2"]
[WhiteElo "2315"]
[BlackElo "2470"]

1.e4 c5 2.Nf3 Nc6 3.d4 cxd4 4.Nxd4 Qc7 5.Nc3 e6 6.Be3 a6 7.a3 b5 8.Nxc6 Qxc6
9.Bd3 Bb7 10.O-O Nf6 11.Re1 Rc8 12.Qf3 Qc7 13.Bd4 Be7 14.Qe2 d6 15.Qf3 O-O
16.Qh3 e5 17.Be3 Qd7 18.Qxd7 Nxd7 19.a4 b4 20.Nd5 Bxd5 21.exd5 a5 22.Bb5  1/2-1/2

[Event "JUG-ch"]
[Site "Banja Vrucica"]
[Date "1991.??.??"]
[Round "?"]
[White "Marjanov, Zika"]
[Black "Knezevic, Bojan"]
[Result "1/2-1/2"]
[WhiteElo "2260"]
[BlackElo "2370"]

1.e4 c5 2.Nf3 Nc6 3.d4 cxd4 4.Nxd4 Qb6 5.Nb3 Nf6 6.Nc3 e6 7.Be3 Qc7 8.a3 a6
9.f4 d6 10.Be2 Be7 11.O-O O-O 12.Bf3 b5 13.Qd2 Rb8 14.g4 Re8 15.Qg2 Bb7 16.g5 Nd7
17.h4 b4 18.axb4 Nxb4 19.h5 g6 20.Rf2 Bf8 21.hxg6 hxg6 22.Bd4 e5 23.Be3 exf4
24.Bxf4 Ne5 25.Raf1 Bg7 26.Bd1 Re7 27.Qg3 Rd8 28.Nd2 a5 29.Be3 Ba6 30.Be2 Bxe2
31.Rxe2 Ra8 32.Ref2 a4 33.Ndb1 Qc6 34.Rf6 Ra5 35.Na3 Rd7 36.Bd4 Bxf6 37.gxf6 Nc4
38.Rf5 Rxf5 39.exf5 Ne5 40.Bxe5 dxe5 41.Qxe5 Rd8 42.fxg6 Re8 43.gxf7+ Kxf7
44.Qh5+ Kxf6 45.Qh6+ Kf5 46.Qh5+ Kf6 47.Qh6+ Kf5 48.Qh5+  1/2-1/2

[Event "Borsodtavho"]
[Site "Borsodtavho"]
[Date "1991.??.??"]
[Round "6"]
[White "Somlai, Laszlo"]
[Black "Luecke, Norbert"]
[Result "1/2-1/2"]
[WhiteElo "2385"]
[BlackElo "2390"]

1.e4 c5 2.Nf3 Nc6 3.d4 cxd4 4.Nxd4 Qb6 5.Nb3 Nf6 6.Nc3 e6 7.Be3 Qc7 8.a3 Be7
9.Bd3 d6 10.f4 a6 11.Qf3 b5 12.O-O O-O 13.Rae1 Bb7 14.Kh1 Rfe8 15.Qh3 Rad8
16.Nd4 Nxd4 17.Bxd4 Nd7 18.e5 Nf8 19.f5 dxe5 20.Bxe5 Qc5 21.f6 gxf6 22.Bxf6 Bxf6
23.Rxf6 Qg5 24.Ref1 Rd4 25.Rxf7 Rh4 26.Rxf8+ Rxf8 27.Qxe6+ Kg7 28.Qd7+ Kg8
29.Qe6+ Kg7 30.Qd7+  1/2-1/2

[Event "CSR-ch"]
[Site "Bratislava"]
[Date "1991.??.??"]
[Round "4"]
[White "Lanc, Alois"]
[Black "Gross, Stefan"]
[Result "1/2-1/2"]
[WhiteElo "2470"]
[BlackElo "2435"]

1.e4 c5 2.Nf3 Nc6 3.d4 cxd4 4.Nxd4 Qc7 5.Nc3 e6 6.Be2 Nf6 7.f4 d6 8.Be3 Be7
9.O-O O-O 10.Qe1 Nxd4 11.Bxd4 e5 12.Be3 exf4 13.Bxf4 Be6 14.Qg3 Nd7 15.Bh6 Qc5+
16.Kh1 Qe5 17.Bf4 Qc5 18.b4 Qxb4 19.Rab1 Qc5 20.Rxb7 Bf6 21.Nd5 Bxd5  1/2-1/2

[Event "Brno Morava-D"]
[Site "Brno"]
[Date "1991.??.??"]
[Round "1"]
[White "Belaska, Premysl"]
[Black "Hrbolka, Ladislav"]
[Result "1-0"]
[WhiteElo "2310"]
[BlackElo "2310"]

1.e4 c5 2.Nf3 Nc6 3.d4 cxd4 4.Nxd4 Qb6 5.Nb3 Nf6 6.Nc3 e6 7.Bd3 d6 8.O-O a6
9.a4 Be7 10.Qe2 Ne5 11.a5 Qc7 12.Be3 Bd7 13.f4 Nxd3 14.cxd3 O-O 15.Rac1 Bc6
16.Na4 Nd7 17.Rc2 Qb8 18.Nc3 Qd8 19.f5 Nc5 20.Nd4 Qxa5 21.Qg4 Nd7 22.Rcf2 Nf6
23.Qg3 Kh8 24.fxe6 Qe5 25.Qh3 fxe6 26.Nxc6 bxc6 27.d4 Qh5 28.Rxf6  1-0

[Event "Spring op"]
[Site "Budapest"]
[Date "1991.??.??"]
[Round "1"]
[White "Csom, Etelka"]
[Black "Mnatsakanian, Eduard A"]
[Result "0-1"]
[WhiteElo "2100"]
[BlackElo "2425"]

1.e4 c5 2.Nf3 Nc6 3.d4 cxd4 4.Nxd4 Qc7 5.Nb5 Qb8 6.c4 Nf6 7.N1c3 e6 8.Be2 a6
9.Na3 Bxa3 10.bxa3 Qe5 11.Bb2 Nxe4 12.Nxe4 Qxb2 13.Nd6+ Ke7 14.O-O Qe5 15.Nxc8+ Rhxc8
16.Re1 Rc7 17.Rb1 Kf8 18.Qd3 Kg8 19.Bf1 Qc5 20.Qg3 Rac8 21.Re3 f6 22.Reb3 Na5
23.Rb4 Qe5 24.Qh3 Rc6 25.Rd1 Rd6 26.Qf3 Rcc6 27.Rbb1 Qc5 28.g3 Rxd1 29.Rxd1 Rc7
30.Rc1 Nc6 31.Rb1 Ne5 32.Qf4 Qxa3 33.Bg2 Qxa2 34.Rxb7 Qa1+  0-1

[Event "Budapest Kasparov"]
[Site "Budapest"]
[Date "1991.??.??"]
[Round "2"]
[White "Spiriev, Peter"]
[Black "Atalik, Suat"]
[Result "0-1"]
[WhiteElo "2285"]
[BlackElo "2420"]

1.e4 c5 2.Nf3 Nc6 3.d4 cxd4 4.Nxd4 Qc7 5.Nb5 Qb8 6.c4 Nf6 7.N5c3 e6 8.f4 d6
9.Be2 Be7 10.Be3 O-O 11.O-O b6 12.Nd2 Bb7 13.Bf3 Nd7 14.a3 Bf6 15.Ndb1 Rd8
16.b4 a5 17.b5 Ne7 18.Ra2 Nc5 19.Rd2 Qc7 20.Qe2 Ng6 21.g3 Nf8 22.a4 Rac8
23.Rfd1 Ba8 24.Qf2 Be7 25.Rb2 Nfd7 26.g4 g5 27.fxg5 Ne5 28.Be2 Rb8 29.Rd4 Rd7
30.Nd2 Qd8 31.h4 h6 32.gxh6 Bxh4 33.Qg2 Bg5 34.Nf1 Bxe3+ 35.Nxe3 Qg5 36.Qh3 Ng6
37.h7+ Kh8 38.Bf1 Qe5 39.Ne2 Nf4 40.Nxf4 Qxd4 41.Rg2 Bxe4 42.Rh2 f6  0-1